Most Populous Urban Settlements in New Zealand - Statistics

General Stats
  • This quiz has been taken 12 times
  • The average score is 10 of 15
Answer Stats
Population City % Correct
1.7m Auckland
100%
0.542m Wellington
100%
0.389m Christchurch
83%
0.130m Dunedin
83%
0.179m Hamilton
75%
0.090m Palmerston North
75%
0.148m Napier/Hastings
67%
0.158m Tauranga
67%
0.056m Invercargill
58%
0.054m Nelson
58%
0.052m Gisborne
50%
0.087m New Plymouth
50%
0.076m Rotorua
50%
0.100m Whangarei
50%
0.048m Whanganui
42%
No matching quizzes found
Score Distribution
Percent of People with Each Score
Percentile by Number Answered
Your Score History
You have not taken this quiz